000
00217nam a22000857a 4500
008
160916b xxu||||| |||| 00| 0 eng d
100
_9
560
_a
Goscinny R
245
_a
The olympic games
260
_a
USA
_b
Orion publication
_c
2004
999
_c
3217
_d
3217